000 00878nam a22003017a 4500
001 4865
003 FISKH
005 20250530115857.0
008 241021b cb ||||| |||| 00| 0 eng d
020 _a9780439631556
040 _aFISKH
_beng
_cFISKH
_dFISKH
050 _aPZ8.B865
082 _a813.69
100 _aBuehner, Caralyn
_d(1963-)
245 _aSnowmen at night /
_cCaralyn Buehner pictures by Mark Buehner
250 _aFirst printing in 2004.
260 _aNew York :
_bScholastic,
_c2004.
300 _a29 pages :
_bColor illustrations ;
_c28 cm
505 _aG
520 _aSnowmen play games at night when no one is watching.
521 8 _a300
_bLexile Adjusted
521 8 _aG
_bRaz-Plus
650 _2Snowmen
_aPicture book
650 _2Winter
_aImagination
700 _aBuehner, Mark
_dIllustrator
942 _2ddc
_cBK
_n0
999 _c4865
_d4865